| 000 | 00519nam a2200181Ia 4500 | ||
|---|---|---|---|
| 005 | 20250508163325.0 | ||
| 008 | 008 250505s9999 xx 000 0 eng d | ||
| 037 | _aTextual | ||
| 040 |
_aFEDL _beng _cFEDL |
||
| 041 |
_aeng _2eng |
||
| 084 |
_a428, KIE _qFEDL |
||
| 100 |
_aKieras David E Ed. _9775120 |
||
| 245 | 0 | _aNew methods in reading comprehension research | |
| 260 |
_aLondon, UK _bLawrence Erlbaum Associates _c1984 |
||
| 300 | _a378p. | ||
| 942 |
_cTEXL _h428, KIE |
||
| 999 |
_c1382331 _d1382331 |
||